[Event "Ostrava Konik op"]
[White "Crha, Bretislav"]
[Black "Repak, Jan"]
[Site "Ostrava"]
[Round "3"]
[Result "0-1"]
[Date "2014.04.28"]
[WhiteElo "1799"]
[BlackElo "1679"]
[PlyCount "64"]
[EventDate "2014.04.26"]
[EventType "swiss"]
[EventRounds "9"]
[EventCountry "CZE"]
[SourceTitle "CBM 160 Extra"]
[Source "ChessBase"]
[SourceDate "2014.07.01"]
[SourceVersion "1"]
[SourceVersionDate "2014.07.01"]
[SourceQuality "1"]

1. e4 c5 2. Nf3 d6 3. d4 cxd4 4. Nxd4 Nf6 5. Nc3 a6 6. Be2 e6 7. 0-0 Be7 8. Be3 b5 9. Bf3 d5 10. exd5 Nxd5 11. Nxd5 exd5 12. Bf4 Bb7 13. Re1 0-0 14. c3 Bf6 15. Nf5 Qd7 16. Bg4 Qc6 17. Be5 g6 18. Nd4 Qb6 19. Bxf6 Qxf6 20. Nb3 Qb6 21. Qd2 Kg7 22. Qg5 Qf6 23. Qe3 Nc6 24. Nc5 Bc8 25. Bf3 Rd8 26. Rad1 Ra7 27. Ne6+ Bxe6 28. Qc5 Rc7 29. Qb6 Rdd7 30. Bxd5 Bxd5 31. Rxd5 Rxd5 32. Qxc7 Qd6 0-1

[Event "Ostrava Konik op-B"]
[White "Crha, Bretislav"]
[Black "Pavelek, Tomas"]
[Site "Ostrava"]
[Round "5"]
[Result "0-1"]
[Date "2007.05.??"]
[WhiteElo "1920"]
[BlackElo "1845"]
[PlyCount "58"]
[EventDate "2007.05.??"]
[EventType "swiss"]
[EventRounds "9"]
[EventCountry "CZE"]
[SourceTitle "EXT 2010"]
[Source "ChessBase"]
[SourceDate "2010.11.25"]
[SourceVersion "1"]
[SourceVersionDate "2010.11.25"]
[SourceQuality "1"]

1. e4 e6 2. Nf3 d5 3. e5 c5 4. Bb5+ Nc6 5. 0-0 Qb6 6. a4 Nh6 7. c3 Nf5 8. Na3 Be7 9. Nc2 0-0 10. Ne3 Nxe3 11. fxe3 a6 12. Bxc6 bxc6 13. Qe1 f6 14. Qg3 fxe5 15. Qxe5 Bf6 16. Qg3 Bd7 17. a5 Qa7 18. Rb1 d4 19. e4 c4 20. e5 d3+ 21. Qf2 Qxf2+ 22. Rxf2 Bd8 23. b4 cxb3 24. Rxb3 Bxa5 25. Ba3 Rfb8 26. Rb2 Rxb2 27. Bxb2 Rb8 28. Ba3 g5 29. Kf1 Bb6 0-1

[Event "Ostrava Konik op-B"]
[White "Skockova, Katerina"]
[Black "Crha, Bretislav"]
[Site "Ostrava"]
[Round "8"]
[Result "1-0"]
[Date "2007.05.??"]
[WhiteElo "1705"]
[BlackElo "1920"]
[PlyCount "69"]
[EventDate "2007.05.??"]
[EventType "swiss"]
[EventRounds "9"]
[EventCountry "CZE"]
[SourceTitle "EXT 2010"]
[Source "ChessBase"]
[SourceDate "2010.11.25"]
[SourceVersion "1"]
[SourceVersionDate "2010.11.25"]
[SourceQuality "1"]

1. e4 e5 2. Nf3 Nc6 3. Bb5 a6 4. Ba4 Nf6 5. 0-0 Be7 6. Re1 b5 7. Bb3 0-0 8. c3 d5 9. exd5 Nxd5 10. Nxe5 Nxe5 11. Rxe5 Nf4 12. d4 Ng6 13. Re1 Bd6 14. g3 Bb7 15. Be3 Qd7 16. Qh5 Rae8 17. Nd2 Ne7 18. f3 b4 19. Ne4 Bxe4 20. fxe4 Ng6 21. e5 Be7 22. Bf2 Qb5 23. Qd1 bxc3 24. Ba4 Qxb2 25. Bxe8 Rxe8 26. Qb3 Bb4 27. Rab1 Qxb3 28. Rxb3 a5 29. a3 c5 30. axb4 cxb4 31. Ra1 c2 32. Rc1 f6 33. Rxc2 fxe5 34. dxe5 Rxe5 35. Rc5 1-0

[Event "Ostrava SMP op"]
[White "Kleibert, Vladislav"]
[Black "Crha, Bretislav"]
[Site "Ostrava"]
[Round "8"]
[Result "0-1"]
[Date "2006.05.06"]
[WhiteElo "1950"]
[BlackElo "1932"]
[PlyCount "76"]
[EventDate "2006.04.29"]
[EventType "swiss"]
[EventRounds "9"]
[EventCountry "CZE"]
[SourceTitle "EXT 2008"]
[Source "ChessBase"]
[SourceDate "2007.11.25"]
[SourceVersion "1"]
[SourceVersionDate "2007.11.25"]
[SourceQuality "1"]

1. d4 c5 2. e3 cxd4 3. exd4 Nf6 4. c3 e6 5. Bd3 d6 6. f4 Bd7 7. Nf3 Be7 8. 0-0 Bc6 9. Nbd2 Nbd7 10. Qe2 Nd5 11. Ne4 N7f6 12. Ng3 g6 13. Bd2 Qb6 14. b3 0-0-0 15. Ng5 Be8 16. Rfc1 h6 17. Nf3 Kb8 18. Qe1 Nh5 19. Ne2 g5 20. fxg5 hxg5 21. c4 Ndf4 22. Ba5 Qa6 23. Nxf4 Nxf4 24. Bxd8 Bxd8 25. Bf1 Bf6 26. Qe3 Qb6 27. Rab1 Bc6 28. c5 dxc5 29. dxc5 Qc7 30. g3 Nd5 31. Qf2 Nc3 32. Nxg5 Be5 33. Rb2 Nd5 34. Rd2 Nf6 35. Rcd1 Ng4 36. Qxf7 Qa5 37. Rc2 Bxg3 38. h3 Qxc5+ 0-1

[Event "Ostrava SMP op"]
[White "Kostal, Otakar"]
[Black "Crha, Bretislav"]
[Site "Ostrava"]
[Round "6"]
[Result "1-0"]
[Date "2006.05.04"]
[WhiteElo "1899"]
[BlackElo "1932"]
[PlyCount "97"]
[EventDate "2006.04.29"]
[EventType "swiss"]
[EventRounds "9"]
[EventCountry "CZE"]
[SourceTitle "EXT 2008"]
[Source "ChessBase"]
[SourceDate "2007.11.25"]
[SourceVersion "1"]
[SourceVersionDate "2007.11.25"]
[SourceQuality "1"]

1. Nf3 Nc6 2. d4 d5 3. g3 Nf6 4. Bg2 g6 5. b3 Bg7 6. Bb2 Bg4 7. h3 Bf5 8. a3 0-0 9. Nbd2 Qd7 10. b4 Rab8 11. e3 b6 12. Rc1 Ne8 13. g4 Be4 14. Nxe4 dxe4 15. Nd2 f5 16. g5 a5 17. b5 Nd8 18. a4 Nf7 19. h4 Ned6 20. Ba3 e5 21. d5 Nd8 22. c4 Rf7 23. Qc2 N8b7 24. Bh3 Rbf8 25. Rg1 Qd8 26. Ke2 Nc5 27. Bxc5 bxc5 28. Nb3 f4 29. Be6 Kh8 30. Bxf7 Rxf7 31. Rcf1 Qc8 32. Nxc5 Qh3 33. Ke1 Qxh4 34. Kd1 Qh3 35. Qe2 Qc8 36. Ne6 Nf5 37. Nxg7 Kxg7 38. Kc1 Qf8 39. Qb2 Qe7 40. exf4 Nd4 41. fxe5 Qxe5 42. Kb1 Rf3 43. Rg3 Kf7 44. Rxf3+ exf3 45. Rc1 Qe4+ 46. Ka2 Qd3 47. Rc3 Qd1 48. Ka3 Ne2 49. Rxf3+ 1-0

[Event "Ostrava SMP op"]
[White "Pifka, Jaroslav"]
[Black "Crha, Bretislav"]
[Site "Ostrava"]
[Round "4"]
[Result "0-1"]
[Date "2006.05.02"]
[WhiteElo "1686"]
[BlackElo "1932"]
[PlyCount "162"]
[EventDate "2006.04.29"]
[EventType "swiss"]
[EventRounds "9"]
[EventCountry "CZE"]
[SourceTitle "EXT 2008"]
[Source "ChessBase"]
[SourceDate "2007.11.25"]
[SourceVersion "1"]
[SourceVersionDate "2007.11.25"]
[SourceQuality "1"]

1. d4 Nf6 2. c4 g6 3. Nc3 Bg7 4. Bg5 h6 5. Bxf6 exf6 6. e3 0-0 7. Nf3 Nc6 8. a3 d6 9. Be2 Ne7 10. 0-0 d5 11. c5 c6 12. h3 Be6 13. Nh2 Kh7 14. Bd3 f5 15. Ne2 Ng8 16. f4 Nf6 17. Ng3 Qe7 18. b4 a6 19. Qd2 Rae8 20. Rae1 Bc8 21. Nf3 Ng8 22. a4 Bd7 23. a5 Bf6 24. Nh1 Bh4 25. g3 Bf6 26. h4 Bg7 27. Bc2 Nf6 28. Nf2 Qd8 29. Ne5 Bc8 30. Kg2 Re6 31. Bd1 Ng8 32. Rh1 f6 33. Ned3 h5 34. Bf3 Rfe8 35. Nd1 Nh6 36. N3f2 R6e7 37. Re2 Ng4 38. Bxg4 fxg4 39. Rhe1 Bf5 40. Nc3 Rd7 41. Kg1 g5 42. hxg5 fxg5 43. Nd3 Be4 44. fxg5 Qxg5 45. Nf4 Rde7 46. Nxe4 Rxe4 47. Rh2 Rxf4 48. gxf4 Qf5 49. Qc2 Qxc2 50. Rxc2 Bxd4 51. Kf2 Bf6 52. Kg3 Re4 53. Rh2 Kg6 54. f5+ Kg5 55. Rf2 h4+ 56. Kg2 Be5 57. Rf4 Bxf4 58. exf4+ Kxf5 59. Rh1 h3+ 60. Kg3 Rxf4 61. Rb1 Rf3+ 62. Kh2 Kf4 63. b5 cxb5 64. Rb4+ Kf5 65. Rd4 Ke5 66. Rxg4 Rc3 67. Rg7 Rxc5 68. Rxb7 Kd6 69. Kxh3 Ke5 70. Kg2 d4 71. Kf2 Ke4 72. Ke2 Rc2+ 73. Kd1 Kd3 74. Rh7 Ra2 75. Kc1 Rxa5 76. Kb2 Ra4 77. Kb3 Ke4 78. Re7+ Kd5 79. Re1 Rc4 80. Ra1 Rc6 81. Rh1 d3 0-1

[Event "Ostrava SMP op"]
[White "Crha, Bretislav"]
[Black "Pavlicek, Tomas"]
[Site "Ostrava"]
[Round "2"]
[Result "1-0"]
[Date "2006.04.30"]
[WhiteElo "1932"]
[BlackElo "1250"]
[PlyCount "109"]
[EventDate "2006.04.29"]
[EventType "swiss"]
[EventRounds "9"]
[EventCountry "CZE"]
[SourceTitle "EXT 2008"]
[Source "ChessBase"]
[SourceDate "2007.11.25"]
[SourceVersion "1"]
[SourceVersionDate "2007.11.25"]
[SourceQuality "1"]

1. e4 e5 2. Nf3 Nc6 3. Bb5 d6 4. c3 Nf6 5. d3 h6 6. 0-0 Be7 7. Re1 0-0 8. Nbd2 Bg4 9. h3 Bh5 10. Nf1 a6 11. Ba4 Nd7 12. Ng3 Bg6 13. Nf5 Bxf5 14. exf5 Nf6 15. Nh2 Qd7 16. Qf3 Nh7 17. Bb3 Bg5 18. g4 Bxc1 19. Raxc1 Ng5 20. Qg2 Rab8 21. Nf3 Nxf3+ 22. Qxf3 Qd8 23. Re3 Qg5 24. Rce1 h5 25. Qg2 h4 26. Qe4 Qf6 27. Kh2 Na5 28. Bd1 Nc6 29. Rg1 g5 30. Rge1 Qg7 31. Bb3 Na7 32. d4 exd4 33. cxd4 Nb5 34. Rd1 Rfe8 35. Qd3 Rf8 36. a4 Na7 37. Re7 c6 38. Rde1 c5 39. dxc5 dxc5 40. Bc2 Nc6 41. Rc7 Nb4 42. Qe4 Nxc2 43. Qxc2 b6 44. Ree7 Rbc8 45. Rb7 Rb8 46. Ra7 a5 47. Qd2 Qd4 48. Qxg5+ Qg7 49. Qxh4 Qxb2 50. f6 Qc2 51. Re5 Qh7 52. Rh5 Qxh5 53. Qxh5 c4 54. Qg5+ Kh8 55. Qg7# 1-0